000 00288nam a22001337a 4500
008 170315b xxu||||| |||| 00| 0 eng d
020 _a9780683307344
041 _aeng
080 _a611
100 _a7
101 _aSHM
245 _aRESPIRATORY OHYSIOLOGY
_cWEST.J.B
942 _2udc
_cBK
999 _c7866
_d7866